| 000 | 00761nam a22002537a 4500 | ||
|---|---|---|---|
| 999 |
_c132459 _d132459 |
||
| 003 | dpl | ||
| 005 | 20200122102043.0 | ||
| 008 | 180718b xxu||||| |||| 00| 0 eng d | ||
| 010 | _aB-098854 | ||
| 020 |
_c295.00 _a9788187649397 |
||
| 035 | _aB-098854, B-098875 | ||
| 037 | _bCen Lib/Ret | ||
| 040 |
_aDPL _bEN _c0 |
||
| 082 |
_aS _bABD |
||
| 100 |
_aAbdullah Hussein _934789 |
||
| 245 |
_aDownfall by degrees / _cby Abdullah Hussein; translated by Muhammad Umar Memon |
||
| 260 |
_aNew Delhi _c2003 _bKatha |
||
| 270 |
_bNew Delhi _aSarvodya enclave, Sri aurobindo marg _e110017 |
||
| 300 |
_a1294p. _c21cm(pbk) |
||
| 650 |
_aLiterature _96262 |
||
| 650 |
_aShort stories _944 |
||
| 700 |
_aMuhammad Umar Memon _934790 |
||
| 942 |
_2ddc _cEN _hS _mABD |
||